000 01028nmc a2200433 a 4500
003 AR-BaBNM
005 20251128211006.0
008 302020s2001 ||||||||||||||000 | spa||
020 _a84-249-2540-8
040 _cAR-BaBNM
100 1 _aSéneca, Lucio Anneo
245 1 0 _aTragedias
_n2
260 _aMadrid
_bGredos
_c2001
300 0 _a396 p.
490 0 _aBiblioteca básica Gredos
_vv. 73
505 _tFedra
505 _tEdipo
505 _tAgamenón
505 _tTiestes
505 _tHércules en el Eta
505 _tOctavia
650 4 _aLITERATURA LATINA
650 4 _aFILOSOFOS
650 4 _aESTOICISMO
650 4 _aTRAGEDIA
650 4 _aETICA
653 0 _aFILOSOFIA ANTIGUA
653 _aFILOSOFIA MORAL
655 _aLITERATURA
700 _aLuque Moreno, Jesús
_eprologuista y traductor
740 0 _aFedra
740 0 _aEdipo
740 0 _aAgamenón
740 0 _aTiestes
740 0 _aHércules en el Eta
740 0 _aOctavia
942 _cBK
998 _cmartín
999 _c17790
_d17790